Liga Mistrzów UEFA - Półfinaliści (1990-1999) - Statystyki

Ogólne statystyki
  • Ten quiz został rozwiązany 51 razy
  • Średni wynik to 16 z 22
Statystyki odpowiedzi
Półfinały Kraj Klub % Poprawnych
3x Holandia Ajax Amsterdam
98%
2 Hiszpania Barcelona
98%
4 Niemcy Bayern Monachium
98%
4x Włochy Juventus
98%
2x Anglia Manchester United
98%
1 Hiszpania Real Madryt
98%
2 Niemcy Borussia Dortmund
96%
3 Francja Olympique Marsylia
90%
4 Włochy Milan
88%
1 Szkocja Glasgow Rangers
85%
1 Portugalia Porto
85%
1 Francja Paris Saint-Germain
83%
1x Ukraina Dynamo Kijów
81%
1 Portugalia Benfica
73%
2 Jugosławia Crvena Zvezda Belgrad
69%
2 Francja Monaco
65%
1 Czechosłowacja Sparta Praga
60%
1 Grecja Panathinaikos
50%
1 Francja Nantes
35%
1 ZSRR Spartak Moskwa
35%
1 Szwecja Göteborg
31%
1 Włochy Sampdoria
31%
Nie znaleziono quizów pasujących do podanych kryteriów
Rozkład punktacji
Procent ludzi z każdym wynikiem
Percentyl według liczby udzielonych odpowiedzi
Twoja historia wyników
Nie rozwiązałeś tego quizu